Ngôn ngữ lập trình C

Salvato in:
Dettagli Bibliografici
Autore principale: Quách Tuấn Ngọc
Natura: Libro
Lingua:Vietnamese
Pubblicazione: H. Thống kê 2003
Soggetti:
Tags: Aggiungi Tag
Nessun Tag, puoi essere il primo ad aggiungerne! !
Thư viện lưu trữ: Mạng thư viện Đại học Đà Nẵng
LEADER 00977nam a2200313 4500
001 000012868
003 9192
005 20120302080338.0
008 120302s2003 viesd
020 |c 45000đ 
041 0 |a vie 
082 |a 005.133  |b QU-N 
100 0 |a Quách Tuấn Ngọc 
245 0 |a Ngôn ngữ lập trình C  |c Quách Tuấn Ngọc 
260 |a H.  |b Thống kê  |c 2003 
300 |a 425 tr  |c 25 cm 
504 |a Thư mục tr: 425 
653 |a Tin học 
653 |a ngôn ngữ lập trình C 
OWN |a LSP 
AVA |a UDN50  |b LSP  |d 005.133 QU-N  |e available  |t Error 5001 Not defined in file expand_doc_bib_avail.  |f 2  |g 0  |h N  |i 0  |k 1 
999 |a From the UDN01 
AVA |a UDN50  |b LSP  |d 005.133 QU-N  |e available  |t Error 5001 Not defined in file expand_doc_bib_avail.  |f 2  |g 0  |h N  |i 0  |k 1 
TYP |a Monograph 
TYP |a Printed language 
980 |a Mạng thư viện Đại học Đà Nẵng